000
00305nam a2200145Ia 4500
100
_a
Lowe/C.W
650
_a
Chemistry
942
_c
BK
654
_a
Path Analysis
245
_a
Critical Path Analysis
260
_b
Teach yourself Books
_c
2001
082
_a
658.4
300
_a
174
546
_a
ENGLISH
999
_c
25227
_d
25227